Principles of emergency planning and management /

Detalhes bibliográficos
Autor principal: Alexander, David
Formato: Livro
Idioma:English
Publicado em: Oxford ; New York : Oxford University Press, 2002.
Assuntos:
Classic Catalogue: View this record in Classic Catalogue
LEADER 01146nam a22002657a 4500
001 0017321
003 BD-DhAAL
005 20250408121523.0
008 240604t2002 enka|||| |||| 001 0 eng d
020 |a 1903544106 
020 |a 9781903544105 
040 |a BD-DhAAL  |d BD-DhAAL 
082 |a 363.348  |2 21 
100 |a Alexander, David.  |9 56455 
245 |a Principles of emergency planning and management /  |c David Alexander. 
260 |a Oxford ;  |a New York :  |b Oxford University Press,  |c 2002. 
300 |a xii, 340 pages :  |b illustrations ;  |c 24 cm 
504 |a Includes bibliographical references (pages 320-329) and index. 
526 |a PPDM  |x Mr. Mohammad Aminur Rahman Research Assistant 
541 |a Ahsania Mission Book Distribution House  |e 17321 
650 |a Emergency management. 
852 |a Ayesha Abed Library  |c General Stacks 
942 |2 ddc  |c BK 
999 |c 46702  |d 46702 
952 |0 0  |1 0  |2 ddc  |4 0  |6 363_348000000000000_ALE  |7 0  |9 75609  |a BRACUL  |b BRACUL  |c GEN  |d 2024-06-04  |e Ahsania Mission Book Distribution House  |g 3479.03  |l 0  |o 363.348 ALE  |p 3010017321  |r 2024-06-04  |t 1  |w 2024-06-04  |y BK  |x Requisitioned by Mr. Mohammad Aminur Rahman (Research Assistant)